000 00673nam a2200265Ia 4500
003 OSt
005 20221007105934.0
006 a|||||r|||| 00| 0
007 ta
008 221006b |||||||| |||| 00| 0 eng d
024 _a19,942
037 _cTextual
040 _aLCO
_cLCO
_beng
041 _2eng
_aeng
082 _aZ2,181, K8
100 _aMagnus S.W
245 0 _aCompanies
_b Law and Practice
250 _a4th
260 _aLondon
_bButterworths UK
_c1968
300 _a1143
650 _aCOMPANIES
_9437507
700 _a Estrin M
_9346157
942 _hZ2,181, K8
_cTEXL
999 _c1189505
_d1189505